000 00395nam a2200193Ia 4500
008 151119s9999||||xx |||||||||||||| ||und||
082 _a181.4
082 _bGKKV4410
100 _aCHINMAYA
245 _aKINDLE LIFE
260 _a--
260 _b--
260 _c0
600 _aCHINMAYA
630 _aKINDLE LIFE
700 _aCHINMAYA
730 _aKINDLE LIFE
942 _cBOOK
999 _c1059707
_d1059704